<?xml version="1.0" encoding="UTF-8"?>
<record
    xmlns:xsi="http://www.w3.org/2001/XMLSchema-instance"
    xsi:schemaLocation="http://www.loc.gov/MARC21/slim http://www.loc.gov/standards/marcxml/schema/MARC21slim.xsd"
    xmlns="http://www.loc.gov/MARC21/slim">

  <leader>02484njm a2200481Ia 4500</leader>
  <controlfield tag="001">23780</controlfield>
  <controlfield tag="003">IT-RoPAU</controlfield>
  <controlfield tag="005">20220918181122.0</controlfield>
  <controlfield tag="008">131025s9999    xx            000 0 und d</controlfield>
  <datafield tag="040" ind1=" " ind2=" ">
    <subfield code="a">IT-RoPAU</subfield>
  </datafield>
  <datafield tag="040" ind1=" " ind2=" ">
    <subfield code="c">IT-RoPAU</subfield>
  </datafield>
  <datafield tag="999" ind1=" " ind2=" ">
    <subfield code="c">99914</subfield>
    <subfield code="d">99914</subfield>
  </datafield>
  <datafield tag="999" ind1=" " ind2=" ">
    <subfield code="b">n.d.</subfield>
  </datafield>
  <datafield tag="100" ind1=" " ind2=" ">
    <subfield code="a">AA.VV.</subfield>
    <subfield code="9">794</subfield>
  </datafield>
  <datafield tag="100" ind1=" " ind2=" ">
    <subfield code="e">Autore musica</subfield>
    <subfield code="9">5799</subfield>
  </datafield>
  <datafield tag="100" ind1=" " ind2=" ">
    <subfield code="g">Codice autore musica SPICS: 12000</subfield>
    <subfield code="9">796</subfield>
  </datafield>
  <datafield tag="245" ind1=" " ind2=" ">
    <subfield code="a">Concerto in Phase 4 stereo Spectacular (Lp Decca Sph 6)</subfield>
  </datafield>
  <datafield tag="250" ind1=" " ind2=" ">
    <subfield code="a">1a ed.</subfield>
  </datafield>
  <datafield tag="260" ind1=" " ind2=" ">
    <subfield code="a">LONDON</subfield>
  </datafield>
  <datafield tag="260" ind1=" " ind2=" ">
    <subfield code="b">DECCA RECORD COMPANY</subfield>
    <subfield code="c">1971 [1a Ed.:1971]</subfield>
  </datafield>
  <datafield tag="300" ind1=" " ind2=" ">
    <subfield code="a">DISCO</subfield>
  </datafield>
  <datafield tag="500" ind1=" " ind2=" ">
    <subfield code="a">Musica classica. Musica strumentale. Arrangiamenti.</subfield>
  </datafield>
  <datafield tag="505" ind1=" " ind2=" ">
    <subfield code="a">Cavalleria leggera: ouverture (Supp&#xE9;) - Espana Rapsody (Chabrier-Stanley Black) - Get Back (Lennon/McCartney-Chacksfield) - La Bohem (Plante/Aznavour-R.Aldrich) - Clarinetten-Polka (Will Glah&#xE9;) - Honey (Russell-Ch.Waxman) - Hernando's Hideaway (Adler/Ross-Ted Heath) - Czardas (Monti-W.Muller)</subfield>
  </datafield>
  <datafield tag="511" ind1=" " ind2=" ">
    <subfield code="a">The London Philharmonic Orchestra diretta da Black Stanley</subfield>
  </datafield>
  <datafield tag="511" ind1=" " ind2=" ">
    <subfield code="a">Franck Chacksfield And His Orchestra diretta da Chacksfield Frank</subfield>
  </datafield>
  <datafield tag="511" ind1=" " ind2=" ">
    <subfield code="a">Ronnie Aldrich And His Two Pianos</subfield>
  </datafield>
  <datafield tag="511" ind1=" " ind2=" ">
    <subfield code="a">Will Glah&#xE8; And His Orchestra</subfield>
  </datafield>
  <datafield tag="511" ind1=" " ind2=" ">
    <subfield code="a">Chris Waxman At the Hammond Organ</subfield>
  </datafield>
  <datafield tag="511" ind1=" " ind2=" ">
    <subfield code="a">Ted Heath &amp; His Orchestra</subfield>
  </datafield>
  <datafield tag="511" ind1=" " ind2=" ">
    <subfield code="a">Werner Muller And His Orchestra</subfield>
  </datafield>
  <datafield tag="650" ind1=" " ind2=" ">
    <subfield code="a">STRUMENTALE [DISCHI]</subfield>
    <subfield code="e">Codice MATERIA SPICS: 9950</subfield>
    <subfield code="9">828</subfield>
  </datafield>
  <datafield tag="700" ind1=" " ind2=" ">
    <subfield code="a">Supp&#xE9; Franz Von</subfield>
    <subfield code="d">Codice autore musica SPICS: 8215</subfield>
    <subfield code="e">Autore musica</subfield>
    <subfield code="p">Cavalleria leggera: ouverture</subfield>
    <subfield code="9">5800</subfield>
  </datafield>
  <datafield tag="700" ind1=" " ind2=" ">
    <subfield code="a">Chabrier Emmanuel</subfield>
    <subfield code="d">Codice autore musica SPICS: 10661</subfield>
    <subfield code="e">Autore musica</subfield>
    <subfield code="p">Espana Rapsody</subfield>
    <subfield code="9">5801</subfield>
  </datafield>
  <datafield tag="700" ind1=" " ind2=" ">
    <subfield code="a">Lennon John</subfield>
    <subfield code="d">Codice autore musica SPICS: 13133</subfield>
    <subfield code="e">Autore musica</subfield>
    <subfield code="p">Get Back</subfield>
    <subfield code="9">5802</subfield>
  </datafield>
  <datafield tag="700" ind1=" " ind2=" ">
    <subfield code="a">McCartney Paul</subfield>
    <subfield code="d">Codice autore SPICS: 8084</subfield>
    <subfield code="e">Autore</subfield>
    <subfield code="p">Get Back</subfield>
    <subfield code="9">5803</subfield>
  </datafield>
  <datafield tag="700" ind1=" " ind2=" ">
    <subfield code="a">Aznavour Charles</subfield>
    <subfield code="d">Codice autore musica SPICS: 9707</subfield>
    <subfield code="e">Autore musica</subfield>
    <subfield code="p">La Boheme</subfield>
    <subfield code="9">5804</subfield>
  </datafield>
  <datafield tag="700" ind1=" " ind2=" ">
    <subfield code="a">Plante J.</subfield>
    <subfield code="d">Codice autore SPICS: 15883</subfield>
    <subfield code="e">Autore</subfield>
    <subfield code="p">La Boheme</subfield>
    <subfield code="9">5805</subfield>
  </datafield>
  <datafield tag="700" ind1=" " ind2=" ">
    <subfield code="a">Glah&#xE9; Will</subfield>
    <subfield code="d">Codice autore musica SPICS: 8033</subfield>
    <subfield code="e">Autore musica</subfield>
    <subfield code="p">Clarinetten Polka</subfield>
    <subfield code="9">5806</subfield>
  </datafield>
  <datafield tag="700" ind1=" " ind2=" ">
    <subfield code="a">Russell</subfield>
    <subfield code="d">Codice autore musica SPICS: 16087</subfield>
    <subfield code="e">Autore musica</subfield>
    <subfield code="p">Honey</subfield>
    <subfield code="9">5807</subfield>
  </datafield>
  <datafield tag="700" ind1=" " ind2=" ">
    <subfield code="a">Ross J.</subfield>
    <subfield code="d">Codice autore musica SPICS: 14395</subfield>
    <subfield code="e">Autore musica</subfield>
    <subfield code="p">Hernando's Hideaway</subfield>
    <subfield code="9">5808</subfield>
  </datafield>
  <datafield tag="700" ind1=" " ind2=" ">
    <subfield code="a">Adler Alan</subfield>
    <subfield code="d">Codice autore SPICS: 6921</subfield>
    <subfield code="e">Autore</subfield>
    <subfield code="p">Hernando's Hideaway</subfield>
    <subfield code="9">5809</subfield>
  </datafield>
  <datafield tag="700" ind1=" " ind2=" ">
    <subfield code="a">Monti Vittorio</subfield>
    <subfield code="d">Codice autore musica SPICS: 13788</subfield>
    <subfield code="e">Autore musica</subfield>
    <subfield code="p">Czardas</subfield>
    <subfield code="9">5810</subfield>
  </datafield>
  <datafield tag="942" ind1=" " ind2=" ">
    <subfield code="c">MD</subfield>
    <subfield code="2">ddc</subfield>
  </datafield>
  <datafield tag="952" ind1=" " ind2=" ">
    <subfield code="0">0</subfield>
    <subfield code="1">0</subfield>
    <subfield code="4">0</subfield>
    <subfield code="6">23780_000000000000000</subfield>
    <subfield code="7">1</subfield>
    <subfield code="a">SPICS</subfield>
    <subfield code="b">SPICS</subfield>
    <subfield code="d">2013-10-25</subfield>
    <subfield code="l">0</subfield>
    <subfield code="o">23780</subfield>
    <subfield code="r">2013-10-25 00:00:00</subfield>
    <subfield code="w">2013-10-25</subfield>
    <subfield code="y">MD</subfield>
    <subfield code="z">Progr. Ins.: 4627 / N.Vol.: 1 / Copie: 1 - Copia rara: n.d. / date import: 01.01.2014 - By Epidotti, Trombetti, Vaglietti</subfield>
  </datafield>
</record>
